000 00507nam a22001932 4500
001 0000004098
005 20170406115546.0
008 140813s xx 000 0 eng d
020 _c$
040 _aYour Holding Symbol
_cYour Holding Symbol
100 1 _aIrele,Abiola.
245 1 0 _aSelected poems of leopold sedar senghor.
250 _a ed.
260 _aNew york :
_bCambridge,
_c1977.
300 _a134 p. ;
_c cm.
504 _anotes.
650 0 _apoems.
908 _a140813
999 _c3939
_d3939